<?xml version="1.0" encoding="UTF-8"?>
<record
    xmlns:xsi="http://www.w3.org/2001/XMLSchema-instance"
    xsi:schemaLocation="http://www.loc.gov/MARC21/slim http://www.loc.gov/standards/marcxml/schema/MARC21slim.xsd"
    xmlns="http://www.loc.gov/MARC21/slim">

  <leader>01188nam a2200253 a 4500</leader>
  <controlfield tag="001">BRCA_7769</controlfield>
  <controlfield tag="005">20190320210002.0</controlfield>
  <controlfield tag="008">300913m19531954bl-ac#####---#000-0#por-#</controlfield>
  <datafield tag="041" ind1=" " ind2=" ">
    <subfield code="a">por</subfield>
  </datafield>
  <datafield tag="044" ind1=" " ind2=" ">
    <subfield code="a">bl</subfield>
  </datafield>
  <datafield tag="050" ind1=" " ind2="4">
    <subfield code="a">F2631</subfield>
    <subfield code="b">.S26 1953</subfield>
  </datafield>
  <datafield tag="245" ind1="1" ind2="0">
    <subfield code="a">Sao Paulo em quatro seculos</subfield>
    <subfield code="b">temas sobre algunos aspectos da historia e da geografia de Sao Paulo e assuntos correlatos, obra comemorativa organizada pelo Instituto Hist&#xF3;rico e Geografico de Sao Paulo e editada sob os auspicios da Comissao do IV Centenario da Cidade de Sao Paulo.</subfield>
    <subfield code="c">Compiladores Afonso de Escragnolle Taunay ... [et al.].</subfield>
  </datafield>
  <datafield tag="260" ind1=" " ind2=" ">
    <subfield code="a">Sao Paulo, Brasil</subfield>
    <subfield code="b">Instituto Hist&#xF3;rico e Geogr&#xE1;fico de Sao Paulo</subfield>
    <subfield code="c">1954</subfield>
  </datafield>
  <datafield tag="300" ind1=" " ind2=" ">
    <subfield code="a">387 p.</subfield>
    <subfield code="b">il., fot.</subfield>
    <subfield code="c">23 cm.</subfield>
    <subfield code="e">Un sobre con p&#xF3;sters ilustados a color del evento</subfield>
  </datafield>
  <datafield tag="500" ind1=" " ind2=" ">
    <subfield code="a">La biblioteca cuenta con el ejemplar numerado v.2</subfield>
  </datafield>
  <datafield tag="500" ind1=" " ind2=" ">
    <subfield code="a">X7</subfield>
  </datafield>
  <datafield tag="651" ind1=" " ind2="4">
    <subfield code="a">Sao Paulo, Brasil (Ciudad)</subfield>
    <subfield code="v">Centenario</subfield>
    <subfield code="9">19232</subfield>
  </datafield>
  <datafield tag="651" ind1=" " ind2="4">
    <subfield code="a">Sao Paulo, Brasil</subfield>
    <subfield code="v">Historia</subfield>
    <subfield code="9">19233</subfield>
  </datafield>
  <datafield tag="700" ind1="1" ind2=" ">
    <subfield code="a">Leite Cordeiro, Jos&#xE9; Pedro</subfield>
    <subfield code="e">comp.</subfield>
    <subfield code="9">19234</subfield>
  </datafield>
  <datafield tag="700" ind1="1" ind2=" ">
    <subfield code="a">Ferreira, Tito Livio</subfield>
    <subfield code="e">comp.</subfield>
    <subfield code="9">19235</subfield>
  </datafield>
  <datafield tag="710" ind1="2" ind2=" ">
    <subfield code="a">Instituto Hist&#xF3;rico e Geogr&#xE1;fico de Sao Paulo</subfield>
    <subfield code="9">19236</subfield>
  </datafield>
  <datafield tag="902" ind1=" " ind2=" ">
    <subfield code="a">GFM</subfield>
  </datafield>
  <datafield tag="942" ind1=" " ind2=" ">
    <subfield code="2">lcc</subfield>
    <subfield code="c">B</subfield>
  </datafield>
  <datafield tag="999" ind1=" " ind2=" ">
    <subfield code="c">7443</subfield>
    <subfield code="d">7443</subfield>
  </datafield>
  <datafield tag="952" ind1=" " ind2=" ">
    <subfield code="0">0</subfield>
    <subfield code="1">0</subfield>
    <subfield code="4">0</subfield>
    <subfield code="7">0</subfield>
    <subfield code="a">BRCA</subfield>
    <subfield code="b">BRCA</subfield>
    <subfield code="d">2013-09-27</subfield>
    <subfield code="i">X7</subfield>
    <subfield code="l">0</subfield>
    <subfield code="o">F2631 .S26 1953 (X7)</subfield>
    <subfield code="p">8378</subfield>
    <subfield code="r">2019-03-22 00:00:00</subfield>
    <subfield code="w">2019-03-22</subfield>
    <subfield code="y">B</subfield>
  </datafield>
</record>
